000 00427nmm a2200145Ia 4500
008 251105s9999||||xx |||||||||||||||||und||
041 _aspa
100 _aBerglund, Edward P. (ed.)
245 0 _aLos discípulos de Cthulhu
264 _a[Madrid, España] :
_bLa Factoría de Ideas,
_c2003
300 _a326 páginas
650 _aEnglish Narrative
856 _uhttps://public.digitaliapublishing.com/a/70020
942 _cCF
999 _c104203
_d104203